[Event "42. Torneo Capablanca In Memoriam-Open"]
[Site "La Habana CUB"]
[Date "2007.05.28"]
[Round "10.10"]
[White "Colovic, Aleksandar"]
[Black "Iturrizaga, Eduardo"]
[Result "1-0"]
[WhiteElo "2463"]
[BlackElo "2398"]
[PlyCount "135"]
[EventDate "2007.05.18"]
[EventType "swiss"]
[EventRounds "9"]
[EventCountry "CUB"]
[Source "lmi"]
[SourceDate "2007.05.18"]

1. c4 g6 2. g3 Bg7 3. Bg2 c5 4. Nc3 Nc6 5. a3 b6 6. b4 Bb7 7. Rb1 cxb4 8. axb4
Na5 9. Bxb7 Nxb7 10. Bb2 Nf6 11. Nf3 O-O 12. Qb3 e6 13. O-O Qc7 14. d3 Rfd8 15.
Rfc1 d6 16. Ra1 a6 17. Ra2 Rdc8 18. Rca1 a5 19. Na4 Qd8 20. bxa5 Nxa5 21. Qxb6
Rab8 22. Qxd8+ Rxd8 23. Bc3 Nb3 24. Rb1 Nd4 25. Rxb8 Nxf3+ 26. exf3 Rxb8 27.
Nb6 h5 28. Ra6 Ne4 29. Bb4 Nc5 30. Bxc5 dxc5 31. Ra8 Rxa8 32. Nxa8 Kf8 33. f4
Ke7 34. Nc7 Kd7 35. Nb5 Bb2 36. Kg2 Kc6 37. Kf3 Kd7 38. Ke3 Kc6 39. Kd2 Bf6 40.
Na3 Bd4 41. Ke2 Bb2 42. Nc2 Kd6 43. Ne1 Bc3 44. Nf3 Bb2 45. Kd2 Bg7 46. Ke3 Bb2
47. Ke2 Bg7 48. Ng5 Ke7 49. Ne4 Bd4 50. Nd2 Kd6 51. Nb3 Bb2 52. Ke3 Bc3 53. h3
f6 54. d4 cxd4+ 55. Nxd4 Kc5 56. Nxe6+ Kxc4 57. Nf8 g5 58. Kf3 Bd4 59. Nh7 gxf4
60. Kxf4 Bxf2 61. Nxf6 Bg1 62. Nxh5 Kd5 63. Kf5 Kd6 64. Kf6 Bd4+ 65. Kg6 Ke5
66. Kg5 Ke4 67. Kg4 Ke5 68. Nf4 1-0

[Event "42. Torneo Capablanca In Memoriam-Open"]
[Site "La Habana CUB"]
[Date "2007.05.28"]
[Round "10.11"]
[White "Alvarez Pedraza, Aramis"]
[Black "Martinez, Lelys"]
[Result "1/2-1/2"]
[WhiteElo "2449"]
[BlackElo "2400"]
[PlyCount "64"]
[EventDate "2007.05.18"]
[EventType "swiss"]
[EventRounds "9"]
[EventCountry "CUB"]
[Source "lmi"]
[SourceDate "2007.05.18"]

1. d4 Nf6 2. Nf3 g6 3. c4 c5 4. Nc3 cxd4 5. Nxd4 Bg7 6. g3 Nc6 7. Bg2 O-O 8.
O-O a6 9. Nb3 d6 10. c5 dxc5 11. Nxc5 Nd7 12. Be3 Nxc5 13. Qxd8 Rxd8 14. Bxc5
Be6 15. Rfd1 Rac8 16. Bxc6 bxc6 17. Bxe7 Rxd1+ 18. Rxd1 Bxc3 19. bxc3 Bxa2 20.
e4 Be6 21. f4 f5 22. e5 a5 23. Ra1 Ra8 24. Kf2 a4 25. Ke3 Re8 26. Bb4 Ra8 27.
Kd4 Bb3 28. h4 Kf7 29. c4 Ke6 30. Bc5 h5 31. Kc3 Rb8 32. Bd6 Rb7 1/2-1/2

[Event "42. Torneo Capablanca In Memoriam-Open"]
[Site "La Habana CUB"]
[Date "2007.05.28"]
[Round "10.12"]
[White "Cordova, Emilio"]
[Black "Ortiz Suarez, Isam"]
[Result "1-0"]
[WhiteElo "2507"]
[BlackElo "2387"]
[PlyCount "121"]
[EventDate "2007.05.18"]
[EventType "swiss"]
[EventRounds "9"]
[EventCountry "CUB"]
[Source "lmi"]
[SourceDate "2007.05.18"]

1. d4 g6 2. Nf3 Bg7 3. Bf4 c5 4. c3 cxd4 5. cxd4 Nf6 6. Nc3 O-O 7. h3 d6 8. e3
Nc6 9. Be2 b6 10. O-O Bb7 11. a3 Rc8 12. Qb3 Na5 13. Qa2 Ne4 14. Nxe4 Bxe4 15.
Rac1 Bb7 16. b4 Nc6 17. Bg3 Nb8 18. Qb3 Qd7 19. b5 Bf6 20. Nd2 Kg7 21. a4 h5
22. Qb4 Rxc1 23. Rxc1 Rc8 24. Rxc8 Qxc8 25. Qc4 Qxc4 26. Nxc4 Bd5 27. f3 Nd7
28. Bf2 Kf8 29. h4 Ke8 30. Kf1 Bxc4 31. Bxc4 e6 32. Ke2 Be7 33. e4 e5 34. Bd5
exd4 35. Bc6 Kd8 36. a5 Nc5 37. Bxd4 Bxh4 38. e5 Bg3 39. exd6 Bxd6 40. Bf6+ Kc7
41. axb6+ Kxb6 42. Be8 Ne6 43. Kf1 Nf8 44. Kf2 Kc5 45. g3 Kb6 46. Kg2 Kc5 47.
f4 Kb6 48. Kf3 Bc5 49. Bd8+ Kb7 50. Bxf7 a6 51. b6 Bxb6 52. Be7 Nd7 53. Bxg6
Bc5 54. Bxc5 Nxc5 55. Bxh5 Kc6 56. g4 Kd6 57. Bf7 a5 58. g5 a4 59. Ba2 Nb3 60.
Ke3 Nc1 61. g6 1-0

[Event "42. Torneo Capablanca In Memoriam-Open"]
[Site "La Habana CUB"]
[Date "2007.05.28"]
[Round "10.13"]
[White "Barrientos, Sergio"]
[Black "Abreu Delgado, Aryam"]
[Result "1/2-1/2"]
[WhiteElo "2428"]
[BlackElo "2498"]
[PlyCount "67"]
[EventDate "2007.05.18"]
[EventType "swiss"]
[EventRounds "9"]
[EventCountry "CUB"]
[Source "lmi"]
[SourceDate "2007.05.18"]

1. e4 c5 2. Nf3 d6 3. d4 cxd4 4. Nxd4 Nf6 5. Nc3 a6 6. Bg5 e6 7. f4 Nc6 8. Qd2
h6 9. Bxf6 Qxf6 10. Nf3 Bd7 11. O-O-O Qd8 12. Bd3 Qc7 13. Rhf1 O-O-O 14. g4 Be7
15. Kb1 Kb8 16. h4 Na5 17. Qe3 Rc8 18. e5 Rhd8 19. g5 hxg5 20. Nxg5 Be8 21.
exd6 Rxd6 22. Rfe1 Rb6 23. Nd5 exd5 24. Qxe7 Qxf4 25. Rf1 Qd4 26. Bb5 Qxh4 27.
Bxe8 Re6 28. Qxf7 Rexe8 29. Qxd5 Qb4 30. a3 Qb6 31. Qd4 Qb5 32. Ne4 Nc4 33. Nd6
Nxd6 34. Qxd6+ 1/2-1/2

[Event "42. Torneo Capablanca In Memoriam-Open"]
[Site "La Habana CUB"]
[Date "2007.05.28"]
[Round "10.14"]
[White "Ortega, Mariano"]
[Black "Gonzalez Vidal, Yuri"]
[Result "1/2-1/2"]
[WhiteElo "2417"]
[BlackElo "2493"]
[PlyCount "75"]
[EventDate "2007.05.18"]
[EventType "swiss"]
[EventRounds "9"]
[EventCountry "CUB"]
[Source "lmi"]
[SourceDate "2007.05.18"]

1. e4 c6 2. d4 d5 3. Nd2 dxe4 4. Nxe4 Bf5 5. Ng3 Bg6 6. h4 h6 7. Nf3 Nd7 8. h5
Bh7 9. Bd3 Bxd3 10. Qxd3 e6 11. Bf4 Qa5+ 12. Bd2 Bb4 13. a3 Bxd2+ 14. Qxd2 Qc7
15. Ne4 Ngf6 16. Nxf6+ Nxf6 17. Ne5 c5 18. Qc3 Rc8 19. O-O-O cxd4 20. Qxc7 Rxc7
21. Rxd4 Ke7 22. g4 Rhc8 23. c3 Nd7 24. Nxd7 Rxd7 25. Rhd1 Rxd4 26. Rxd4 g6 27.
hxg6 fxg6 28. Rb4 Rc7 29. Kd2 Kf6 30. Ke3 h5 31. gxh5 gxh5 32. Rf4+ Kg5 33. Re4
Kf5 34. Rf4+ Kg6 35. Re4 Kf5 36. Rf4+ Kg6 37. Re4 Kf6 38. Rf4+ 1/2-1/2

[Event "42. Torneo Capablanca In Memoriam-Open"]
[Site "La Habana CUB"]
[Date "2007.05.28"]
[Round "10.16"]
[White "Alonso Garcia, Rene"]
[Black "Rasmussen, Karsten"]
[Result "1/2-1/2"]
[WhiteElo "2368"]
[BlackElo "2462"]
[PlyCount "29"]
[EventDate "2007.05.18"]
[EventType "swiss"]
[EventRounds "9"]
[EventCountry "CUB"]
[Source "lmi"]
[SourceDate "2007.05.18"]

1. d4 d5 2. c4 e6 3. Nf3 c6 4. e3 Nf6 5. Bd3 dxc4 6. Bxc4 Nbd7 7. O-O Bd6 8.
Qc2 O-O 9. Nc3 Qe7 10. h3 e5 11. a3 e4 12. Ng5 Nb6 13. Ba2 Bf5 14. f3 Rae8 15.
Ngxe4 1/2-1/2

[Event "42. Torneo Capablanca In Memoriam-Open"]
[Site "La Habana CUB"]
[Date "2007.05.28"]
[Round "10.19"]
[White "Pazos Gambarrotti, Plinio"]
[Black "Prasca, Raphael"]
[Result "1/2-1/2"]
[WhiteElo "2375"]
[BlackElo "2439"]
[PlyCount "25"]
[EventDate "2007.05.18"]
[EventType "swiss"]
[EventRounds "9"]
[EventCountry "CUB"]
[Source "lmi"]
[SourceDate "2007.05.18"]

1. d4 d5 2. c4 c6 3. Qc2 Nf6 4. Nf3 e6 5. Bg5 Nbd7 6. cxd5 exd5 7. Nc3 Be7 8.
e3 O-O 9. Bd3 Re8 10. O-O Nf8 11. Rab1 Ne4 12. Bxe7 Qxe7 13. Bxe4 1/2-1/2

[Event "42. Torneo Capablanca In Memoriam-Open"]
[Site "La Habana CUB"]
[Date "2007.05.28"]
[Round "10.20"]
[White "Perez Mitjans, Orelvis"]
[Black "Soto Paez, Oliver"]
[Result "0-1"]
[WhiteElo "2433"]
[BlackElo "2350"]
[PlyCount "116"]
[EventDate "2007.05.18"]
[EventType "swiss"]
[EventRounds "9"]
[EventCountry "CUB"]
[Source "lmi"]
[SourceDate "2007.05.18"]

1. e4 c5 2. Nf3 e6 3. d4 cxd4 4. Nxd4 a6 5. Bd3 Bc5 6. Nb3 Ba7 7. O-O Nc6 8.
Qe2 d6 9. Be3 Nge7 10. f4 O-O 11. N1d2 Ng6 12. Kh1 Bxe3 13. Qxe3 Re8 14. Rad1
b5 15. c3 Bb7 16. e5 dxe5 17. Bxg6 fxg6 18. fxe5 Ne7 19. Ne4 Nf5 20. Qf2 Bd5
21. Nd4 Qc7 22. Nxf5 gxf5 23. Nd6 Rf8 24. a3 Rad8 25. Rd4 Rd7 26. a4 Qc6 27.
axb5 axb5 28. Rb4 f4 29. Kg1 Bc4 30. Nxc4 bxc4 31. Qb6 Qd5 32. Rb5 Qd3 33.
Qxe6+ Kh8 34. Qg4 h6 35. h3 Qe3+ 36. Kh1 Rd2 37. Qf3 Rf5 38. Rb8+ Kh7 39. Qa8
Rxe5 40. Rh8+ Kg6 41. Qc6+ Kh5 42. Qxc4 Rxg2 43. Qf7+ Rg6 44. Qxf4 Qxh3+ 45.
Qh2 Qxh2+ 46. Kxh2 Re2+ 47. Kh3 Rxb2 48. Rf5+ Rg5 49. Rxg5+ Kxg5 50. c4 Rb3+
51. Kg2 Rc3 52. Rc8 h5 53. c5 Kh4 54. c6 g5 55. c7 g4 56. Kf2 Rc2+ 57. Ke3 Kg3
58. Kd3 Rc1 0-1

[Event "42. Torneo Capablanca In Memoriam-Open"]
[Site "La Habana CUB"]
[Date "2007.05.28"]
[Round "10.21"]
[White "Alonso Moyano, Jonathan"]
[Black "Perez Garcia, Rodney"]
[Result "1/2-1/2"]
[WhiteElo "2365"]
[BlackElo "2421"]
[PlyCount "23"]
[EventDate "2007.05.18"]
[EventType "swiss"]
[EventRounds "9"]
[EventCountry "CUB"]
[Source "lmi"]
[SourceDate "2007.05.18"]

1. e4 e5 2. Nf3 Nf6 3. Nxe5 d6 4. Nf3 Nxe4 5. Qe2 Qe7 6. d3 Nf6 7. Bg5 Qxe2+ 8.
Bxe2 Be7 9. O-O h6 10. Bd2 Nc6 11. Nc3 Bd7 12. h3 1/2-1/2

[Event "42. Torneo Capablanca In Memoriam-Open"]
[Site "La Habana CUB"]
[Date "2007.05.28"]
[Round "10.22"]
[White "Duarte, Leonardo"]
[Black "Marrero Lopez, Yaniet"]
[Result "1/2-1/2"]
[WhiteElo "2420"]
[BlackElo "2290"]
[PlyCount "29"]
[EventDate "2007.05.18"]
[EventType "swiss"]
[EventRounds "9"]
[EventCountry "CUB"]
[Source "lmi"]
[SourceDate "2007.05.18"]

1. e4 e5 2. Nf3 Nc6 3. d4 exd4 4. Nxd4 Bc5 5. Nxc6 Qf6 6. Qd2 dxc6 7. Nc3 Bd4
8. Bd3 Ne7 9. O-O Ng6 10. Kh1 Ne5 11. Be2 Ng4 12. Nd1 Qd6 13. Bxg4 Bxg4 14. Ne3
Be6 15. Qe2 1/2-1/2

[Event "42. Torneo Capablanca In Memoriam-Open"]
[Site "La Habana CUB"]
[Date "2007.05.28"]
[Round "10.23"]
[White "Blanco, Humberto"]
[Black "Ibarra Chami, Luis"]
[Result "1-0"]
[WhiteElo "2405"]
[BlackElo "2325"]
[PlyCount "122"]
[EventDate "2007.05.18"]
[EventType "swiss"]
[EventRounds "9"]
[EventCountry "CUB"]
[Source "lmi"]
[SourceDate "2007.05.18"]

1. e4 e6 2. d4 d5 3. Nd2 Nf6 4. e5 Nfd7 5. c3 c5 6. Bd3 Nc6 7. Ne2 cxd4 8. cxd4
Qb6 9. Nf3 Bb4+ 10. Bd2 O-O 11. O-O Bxd2 12. Qxd2 f6 13. exf6 Nxf6 14. Rae1 Bd7
15. Ne5 Nb4 16. Bb1 Qd6 17. Nc3 Rae8 18. Re3 Nc6 19. Rfe1 Qb4 20. Nxd7 Nxd7 21.
Rxe6 Rxe6 22. Rxe6 Qxd4 23. Qxd4 Nxd4 24. Re1 Nb6 25. Rd1 Ne6 26. Nxd5 Nxd5 27.
Rxd5 Rc8 28. Rd1 Kf7 29. g3 g6 30. Kg2 Rc7 31. h4 Kf6 32. g4 h6 33. Kg3 g5 34.
Rd5 Rc1 35. Bf5 Nf4 36. Rd6+ Kg7 37. Rd7+ Kg8 38. Rd8+ Kg7 39. Rd7+ Kf6 40. Kf3
Rh1 41. hxg5+ hxg5 42. Rxb7 a5 43. Ra7 Ke5 44. Rxa5+ Kd4 45. Ra4+ Ke5 46. Rc4
Kd5 47. Rxf4 gxf4 48. Kxf4 Rg1 49. Bh7 Kd6 50. Bg8 Rb1 51. Kg5 Rxb2 52. f4 Ke7
53. f5 Rb6 54. Be6 Rb4 55. Kh5 Kf6 56. g5+ Kg7 57. Bb3 Rb6 58. f6+ Kh7 59. Bc2+
Kg8 60. Bd3 Rc6 61. a4 Rc5 1-0

[Event "42. Torneo Capablanca In Memoriam-Open"]
[Site "La Habana CUB"]
[Date "2007.05.28"]
[Round "10.24"]
[White "Jimenez, Pedro A"]
[Black "Diamant, Andre"]
[Result "0-1"]
[WhiteElo "2292"]
[BlackElo "2384"]
[PlyCount "72"]
[EventDate "2007.05.18"]
[EventType "swiss"]
[EventRounds "9"]
[EventCountry "CUB"]
[Source "lmi"]
[SourceDate "2007.05.18"]

1. e4 c5 2. Nf3 e6 3. d4 cxd4 4. Nxd4 a6 5. Bd3 Bc5 6. Nb3 Ba7 7. O-O Nc6 8.
Qg4 Nf6 9. Qg3 d6 10. Nc3 Ne5 11. Be2 O-O 12. Bf4 Qe7 13. Rad1 Bb8 14. Nd4 Ng6
15. Bg5 h6 16. Bc1 d5 17. Qd3 Ne5 18. Qg3 Nxe4 19. Nxe4 dxe4 20. Qe3 f5 21. Qb3
Kh8 22. a4 Ba7 23. Kh1 Qf6 24. c3 f4 25. f3 e3 26. Qb4 Ng6 27. Nb3 Nh4 28. a5
e5 29. Rd6 Be6 30. Nc5 Qg6 31. Rg1 Nf5 32. Ne4 Nxd6 33. Qxd6 Rad8 34. Qxe5 Rd5
35. Qc7 Rf7 36. Qc4 Rh5 0-1

[Event "42. Torneo Capablanca In Memoriam-Open"]
[Site "La Habana CUB"]
[Date "2007.05.28"]
[Round "10.25"]
[White "Llaudy Pupo, Lisandra"]
[Black "Espinosa, Ermes"]
[Result "1/2-1/2"]
[WhiteElo "2245"]
[BlackElo "2380"]
[PlyCount "84"]
[EventDate "2007.05.18"]
[EventType "swiss"]
[EventRounds "9"]
[EventCountry "CUB"]
[Source "lmi"]
[SourceDate "2007.05.18"]

1. e4 e5 2. Nf3 Nc6 3. Bb5 Bc5 4. c3 Nf6 5. d4 Bb6 6. Qe2 exd4 7. e5 O-O 8.
cxd4 Re8 9. Be3 Nd5 10. Nc3 Nxe3 11. fxe3 d6 12. d5 Nxe5 13. Bxe8 Qxe8 14. Nxe5
Qxe5 15. O-O Qxe3+ 16. Qxe3 Bxe3+ 17. Kh1 Bd7 18. Rae1 Re8 19. Rf3 Bd4 20.
Rxe8+ Bxe8 21. Rd3 Be5 22. Kg1 Kf8 23. Kf2 Ke7 24. Nd1 c5 25. Ra3 c4 26. Ne3
Bd4 27. Kf3 Bc5 28. Rc3 b5 29. Ke4 Bd7 30. g4 h6 31. h3 g6 32. Rc1 a6 33. a4
Kf6 34. axb5 axb5 35. Rf1+ Ke7 36. Ra1 Kf6 37. Ra8 Kg5 38. Rf8 f6 39. Rf7 Be8
40. Rf8 Bd7 41. Rf7 Be8 42. Rf8 Bd7 1/2-1/2

[Event "42. Torneo Capablanca In Memoriam-Open"]
[Site "La Habana CUB"]
[Date "2007.05.28"]
[Round "10.26"]
[White "Quezada Perez, Yasser"]
[Black "Gomez, Felix"]
[Result "1-0"]
[WhiteElo "2155"]
[BlackElo "2329"]
[PlyCount "57"]
[EventDate "2007.05.18"]
[EventType "swiss"]
[EventRounds "9"]
[EventCountry "CUB"]
[Source "lmi"]
[SourceDate "2007.05.18"]

1. e4 e5 2. Nf3 Nc6 3. Bb5 f5 4. Nc3 fxe4 5. Nxe4 d5 6. Nxe5 dxe4 7. Nxc6 Qd5
8. c4 Qd6 9. Nxa7+ Bd7 10. Bxd7+ Qxd7 11. Qh5+ g6 12. Qe5+ Kf7 13. Nb5 c6 14.
b3 Rd8 15. Qf4+ Nf6 16. Bb2 Bg7 17. Bxf6 Bxf6 18. Nc3 g5 19. Qe3 Qg4 20. O-O
Rd3 21. h3 Qf5 22. Qe2 Re8 23. Rfe1 g4 24. hxg4 Qf4 25. g5 Bd4 26. Rad1 Rf3 27.
Rf1 Rg3 28. Qh5+ Kg7 29. Ne2 1-0

[Event "42. Torneo Capablanca In Memoriam-Open"]
[Site "La Habana CUB"]
[Date "2007.05.28"]
[Round "10.29"]
[White "Cabrera Trujillo, Jorge"]
[Black "Hevia, Alejano Carlos A"]
[Result "1/2-1/2"]
[WhiteElo "2334"]
[BlackElo "2315"]
[PlyCount "110"]
[EventDate "2007.05.18"]
[EventType "swiss"]
[EventRounds "9"]
[EventCountry "CUB"]
[Source "lmi"]
[SourceDate "2007.05.18"]

1. e4 e6 2. d4 d5 3. Nd2 c5 4. Ngf3 cxd4 5. Nxd4 Nf6 6. Bb5+ Bd7 7. Qe2 Nc6 8.
Nxc6 Bxc6 9. Bxc6+ bxc6 10. c4 Be7 11. O-O O-O 12. b3 dxe4 13. Nxe4 Qd4 14.
Nxf6+ Bxf6 15. Ba3 Rfd8 16. Rad1 Qc3 17. Bd6 h6 18. Rd3 Qa5 19. Rfd1 c5 20. Qd2
Qb6 21. h3 Rd7 22. Qf4 Rad8 23. Bc7 Qxc7 24. Qxc7 Rxc7 25. Rxd8+ Bxd8 26. Rxd8+
Kh7 27. Kf1 Kg6 28. Ke2 Kf6 29. Kd3 Ke7 30. Ra8 Kd6 31. a3 f5 32. b4 cxb4 33.
axb4 Rd7 34. c5+ Kd5 35. f4 g5 36. g3 gxf4 37. gxf4 e5 38. fxe5 Kxe5+ 39. Kc4
f4 40. Re8+ Kf5 41. Rf8+ Ke4 42. c6 Rd1 43. Re8+ Kf3 44. Kb5 Rc1 45. Re6 Kg2
46. Rg6+ Kxh3 47. Rxh6+ Kg4 48. Rf6 f3 49. Ka6 Ra1+ 50. Kb5 Rc1 51. Rf7 a6+ 52.
Kb6 Rc4 53. c7 Kg3 54. Kxa6 f2 55. b5 Rxc7 1/2-1/2

[Event "42. Torneo Capablanca In Memoriam-Open"]
[Site "La Habana CUB"]
[Date "2007.05.28"]
[Round "10.30"]
[White "Sariego, Wilfredo"]
[Black "Ordaz Valdes, Lisandra"]
[Result "1-0"]
[WhiteElo "2328"]
[BlackElo "2222"]
[PlyCount "49"]
[EventDate "2007.05.18"]
[EventType "swiss"]
[EventRounds "9"]
[EventCountry "CUB"]
[Source "lmi"]
[SourceDate "2007.05.18"]

1. e4 e5 2. Bc4 Nf6 3. d3 c6 4. Nf3 d5 5. Bb3 Bd6 6. Nbd2 O-O 7. O-O Na6 8. c3
dxe4 9. dxe4 Nc5 10. Bc2 Bc7 11. b3 b6 12. Ba3 Qe7 13. Qe2 a5 14. Qe3 Nfd7 15.
Rfd1 b5 16. Nf1 Bb6 17. Ng3 g6 18. Qh6 Re8 19. Nd4 exd4 20. cxd4 Qf6 21. dxc5
Nxc5 22. Rab1 Ne6 23. Nf5 Nd4 24. Nxd4 Bxd4 25. Rxd4 1-0

[Event "42. Torneo Capablanca In Memoriam-Open"]
[Site "La Habana CUB"]
[Date "2007.05.28"]
[Round "10.32"]
[White "Siebrecht, Sebastian"]
[Black "Perez Rodriguez, Jennifer"]
[Result "1-0"]
[WhiteElo "2464"]
[BlackElo "2194"]
[PlyCount "41"]
[EventDate "2007.05.18"]
[EventType "swiss"]
[EventRounds "9"]
[EventCountry "CUB"]
[Source "lmi"]
[SourceDate "2007.05.18"]

1. c4 Nf6 2. Nc3 e6 3. e4 d5 4. e5 Ne4 5. Nxe4 dxe4 6. Qg4 Qd4 7. Nf3 Qb6 8.
Qxe4 Bc5 9. Qh4 Nc6 10. Bd3 Nd4 11. Ng5 Be7 12. Qh5 g6 13. Qh6 Bd7 14. Qg7
O-O-O 15. Nxf7 Rhg8 16. Qxh7 Rdf8 17. Nh6 Bh4 18. Nxg8 Bxf2+ 19. Kf1 Rf4 20.
Ne7+ Kd8 21. Nxg6 1-0

[Event "42. Torneo Capablanca In Memoriam-Open"]
[Site "La Habana CUB"]
[Date "2007.05.28"]
[Round "10.34"]
[White "Diaz Diaz, Joaquin Carlos"]
[Black "Valdes, Alejandro"]
[Result "1-0"]
[WhiteElo "2323"]
[BlackElo "2121"]
[PlyCount "53"]
[EventDate "2007.05.18"]
[EventType "swiss"]
[EventRounds "9"]
[EventCountry "CUB"]
[Source "lmi"]
[SourceDate "2007.05.18"]

1. e4 c5 2. Nf3 e6 3. d4 cxd4 4. Nxd4 Nf6 5. Nc3 Nc6 6. Ndb5 Bb4 7. a3 Bxc3+ 8.
Nxc3 d5 9. exd5 exd5 10. Bd3 h6 11. O-O O-O 12. Bf4 d4 13. Ne2 Nd5 14. Bd2 Be6
15. Re1 Qb6 16. Ng3 Rfe8 17. Qh5 Qd8 18. Ne4 Nf6 19. Qh4 Nxe4 20. Qxe4 f5 21.
Qf4 Qf6 22. Re2 Re7 23. Rae1 Rae8 24. Bb4 Nxb4 25. axb4 g5 26. Qd6 Kg7 27. Bb5
1-0

[Event "42. Torneo Capablanca In Memoriam-Open"]
[Site "La Habana CUB"]
[Date "2007.05.28"]
[Round "10.35"]
[White "Frometa Castillo, Zirka"]
[Black "Lebredo Zaragoitia, Gerardo"]
[Result "0-1"]
[WhiteElo "2164"]
[BlackElo "2256"]
[PlyCount "49"]
[EventDate "2007.05.18"]
[EventType "swiss"]
[EventRounds "9"]
[EventCountry "CUB"]
[Source "lmi"]
[SourceDate "2007.05.18"]

1. d4 e6 2. Bf4 Nf6 3. e3 c5 4. c3 Nc6 5. Nd2 a6 6. Bd3 b5 7. h3 Bb7 8. Ngf3
Be7 9. O-O O-O 10. dxc5 Bxc5 11. e4 d6 12. b4 Bb6 13. a4 Ne5 14. Bxe5 dxe5 15.
Qc2 Nh5 16. axb5 axb5 17. Rxa8 Bxa8 18. Bxb5 f5 19. exf5 Rxf5 20. Bc4 Rxf3 21.
Nxf3 Nf4 22. Qa2 Bxf3 23. Bxe6+ Kh8 24. gxf3 Qg5+ 25. Bg4 0-1

[Event "42. Torneo Capablanca In Memoriam-Open"]
[Site "La Habana CUB"]
[Date "2007.05.28"]
[Round "10.36"]
[White "Vigoa Apecheche, Yanira"]
[Black "Guillen Ramirez, Jose Antonio"]
[Result "1-0"]
[WhiteElo "2217"]
[BlackElo "2246"]
[PlyCount "55"]
[EventDate "2007.05.18"]
[EventType "swiss"]
[EventRounds "9"]
[EventCountry "CUB"]
[Source "lmi"]
[SourceDate "2007.05.18"]

1. d4 Nf6 2. c4 e6 3. Nf3 Bb4+ 4. Bd2 Qe7 5. Nc3 O-O 6. Qc2 d6 7. e3 e5 8. dxe5
dxe5 9. Bd3 Bxc3 10. Bxc3 Nc6 11. a3 a5 12. O-O Bg4 13. Nd2 Rad8 14. Ne4 h6 15.
f3 Bc8 16. Nxf6+ Qxf6 17. b4 b6 18. Be4 axb4 19. axb4 Bd7 20. Rad1 Qe7 21. Qb2
Rfe8 22. Bd5 Nb8 23. b5 Kh7 24. Bb4 Qf6 25. Qa3 Be6 26. Be4+ Bf5 27. Rxd8 Rxd8
28. Be7 1-0

[Event "42. Torneo Capablanca In Memoriam-Open"]
[Site "La Habana CUB"]
[Date "2007.05.28"]
[Round "10.39"]
[White "Moya Hernandez, Yuleisys"]
[Black "Infante, Brian"]
[Result "0-1"]
[WhiteElo "2115"]
[BlackElo "2114"]
[PlyCount "71"]
[EventDate "2007.05.18"]
[EventType "swiss"]
[EventRounds "9"]
[EventCountry "CUB"]
[Source "lmi"]
[SourceDate "2007.05.18"]

1. d4 Nf6 2. c4 g6 3. Nc3 d5 4. Nf3 Bg7 5. e3 O-O 6. Bd3 Nc6 7. O-O Nb4 8. Bb1
dxc4 9. Qa4 a5 10. a3 Bd7 11. Qd1 Nbd5 12. Ne5 Nxc3 13. bxc3 Nd5 14. Nxd7 Qxd7
15. Bd2 c5 16. Ba2 cxd4 17. cxd4 Rfc8 18. Rc1 b5 19. Qe1 Qd6 20. Bb1 Qxa3 21.
Be4 Qd6 22. Bxa5 Ra7 23. Rb1 Qd7 24. Bb4 e6 25. Qe2 Rca8 26. Rfc1 Ra2 27. Qd1
R8a4 28. Bc5 Bf8 29. Bxf8 Kxf8 30. Qf3 f5 31. Bxd5 exd5 32. Qf4 Ra8 33. Qe5 Kf7
34. h4 Rd8 35. h5 b4 36. h6 0-1